[Event "DM 2026 G5 1A"]
[Site "Svendborg"]
[Date "2026.03.28"]
[Round "1.1"]
[White "Nielsen, Jacob Woge"]
[Black "Rynkjob, Bastian"]
[Result "1-0"]
[WhiteElo "2084"]
[BlackElo "1930"]
[WhiteFideId "1402900"]
[BlackFideId "1473557"]
[EventDate "2026.03.28"]
[EventType "swiss"]
[EventRounds "5"]
[EventCountry "DEN"]
[SourceTitle "Live v. Kasper Jerwiarz"]

1. e4 c5 2. Nf3 Nc6 3. d4 cxd4 4. Nxd4 Nf6 5. Nc3 e5 6. Ndb5 d6 7. Nd5 Nxd5 8. exd5 Nb8 9. c4 Bd7 10. a4 a6 11. Nc3 a5 12. Be2 Na6 13. O-O Be7 14. Kh1 f5 15. f4 e4 16. Be3 b6 17. Qd4 Bf6 18. Qxb6 Qxb6 19. Bxb6 Rb8 20. Bxa5 Nc5 21. Nb5 Bxb5 22. axb5 Nb3 23. Bc7 Rc8 24. Bxd6 Nxa1 25. Rxa1 Bxb2 26. Ra7 Bd4 27. Re7+ Kd8 28. g3 Ra8 29. b6 Bxb6 30. c5 Ba5 31. Rxg7 Bc3 32. Rf7 Ra2 33. Bb5 Bd4 34. Rd7+ Kc8 35. Rc7+ Kd8 36. Rb7 Ra8 37. c6 Kc8 38. Ba6 1-0

[Event "DM 2026 G5 1A"]
[Site "Svendborg"]
[Date "2026.03.28"]
[Round "1.2"]
[White "Holm, Henrik"]
[Black "Hansen, Henrik Jegbjerg"]
[Result "1-0"]
[WhiteElo "1849"]
[BlackElo "1885"]
[WhiteFideId "1425340"]
[BlackFideId "1419790"]
[EventDate "2026.03.28"]
[EventType "swiss"]
[EventRounds "5"]
[EventCountry "DEN"]
[SourceTitle "Live v. Kasper Jerwiarz"]

1. e4 e5 2. Nf3 Nc6 3. Bc4 Nf6 4. d3 Be7 5. O-O d6 6. c3 Bg4 7. Re1 O-O 8. a4 a5 9. Be3 Kh8 10. Nbd2 Nd7 11. h3 Bh5 12. g4 Bg6 13. Nf1 Nf6 14. Ng3 d5 15. exd5 Nxd5 16. Qe2 f5 17. gxf5 Bxf5 18. Kh2 Bg6 19. Rad1 Nf4 20. Bxf4 exf4 21. Ne4 Bh5 22. Ned2 Bd6 23. d4 Qd7 24. Qe6 Qxe6 25. Bxe6 Ne7 26. Bg4 Bg6 27. Nc4 Nf5 28. Nxd6 Nxd6 29. Rc1 Ne4 30. Kg1 h5 31. Ne5 Bh7 32. Bxh5 Ng5 33. h4 Nh3+ 34. Kg2 Bf5 35. Ng6+ Bxg6 36. Bxg6 Rf6 37. Re8+ Rxe8 38. Bxe8 Re6 39. Bb5 Nxf2 40. Kxf2 Re3 41. Be2 Rh3 42. h5 Kh7 43. Rg1 Kh6 44. Bf3 b6 45. Rg2 Rh4 46. b4 axb4 47. cxb4 g5 48. hxg6 Kg7 49. a5 bxa5 50. bxa5 Rh1 51. Rg1 1-0

[Event "DM 2026 G5 1A"]
[Site "Svendborg"]
[Date "2026.03.28"]
[Round "1.3"]
[White "Almasy, Alexander Christian"]
[Black "Petersen, Lars Uffe"]
[Result "1/2-1/2"]
[WhiteElo "1941"]
[BlackElo "1920"]
[WhiteFideId "1415700"]
[BlackFideId "1406906"]
[EventDate "2026.03.28"]
[EventType "swiss"]
[EventRounds "5"]
[EventCountry "DEN"]
[SourceTitle "Live v. Kasper Jerwiarz"]

1. c4 c5 2. Nc3 Nc6 3. g3 Nf6 4. Bg2 g6 5. e4 Bg7 6. Nge2 O-O 7. O-O d6 8. f4 Rb8 9. d3 a6 10. h3 Qc7 11. g4 e6 12. g5 Ne8 13. Ng3 Nd4 14. Be3 b5 15. Rb1 b4 16. Nce2 Nxe2+ 17. Qxe2 Bd7 18. f5 exf5 19. exf5 Be5 20. Bf4 Ng7 21. Bxe5 dxe5 22. f6 Ne6 23. Qe3 Nf4 24. Ne4 Rbc8 25. Kh2 Bf5 1/2-1/2

[Event "DM 2026 G5 1A"]
[Site "Svendborg"]
[Date "2026.03.28"]
[Round "1.4"]
[White "Jacobsen, Hans Endrup"]
[Black "Nielsen, Frode Benedikt"]
[Result "1-0"]
[WhiteElo "1906"]
[BlackElo "1958"]
[WhiteFideId "1406841"]
[BlackFideId "1405721"]
[EventDate "2026.03.28"]
[EventType "swiss"]
[EventRounds "5"]
[EventCountry "DEN"]
[SourceTitle "Live v. Kasper Jerwiarz"]

1. e4 e5 2. Nf3 Nc6 3. Bb5 a6 4. Ba4 Nf6 5. O-O Nxe4 6. d4 b5 7. Bb3 d5 8. dxe5 Be6 9. Be3 Bc5 10. Qe2 Qe7 11. c3 O-O 12. Rd1 Rad8 13. Nbd2 Bxe3 14. Qxe3 Nxd2 15. Rxd2 Na5 16. Qe2 Bg4 17. Bxd5 Bxf3 18. Bxf3 Rxd2 19. Qxd2 Nc4 20. Qe2 Qxe5 21. Qxe5 Nxe5 22. Bb7 a5 23. Rd1 f6 24. f4 Rb8 25. Bd5+ Nf7 26. Bxf7+ Kxf7 27. Rd7+ Kg6 28. Rxc7 b4 29. b3 bxc3 30. Rxc3 Rb4 31. g3 a4 32. Kf2 Rb8 33. Ke3 axb3 34. axb3 Kf5 35. h3 h5 36. Kf3 Rb4 37. g4+ Kg6 38. Kg3 h4+ 39. Kxh4 Rxf4 40. Kg3 Rd4 41. Kf3 Rd2 42. Ke3 Rd5 43. b4 f5 44. gxf5+ Rxf5 45. Rb3 Kf6 46. b5 Ke6 47. b6 Rh5 48. Kf4 Rh8 49. b7 Rb8 50. Kg5 Kf7 51. h4 Kg8 52. h5 Kh7 53. Rb6 Kg8 54. Kf5 Kf7 55. Ke5 Ke8 56. Ke6 Kd8 57. Kd6 Ke8 58. Kc7 1-0

[Event "DM 2026 G5 1A"]
[Site "Svendborg"]
[Date "2026.03.28"]
[Round "1.5"]
[White "Clausen, Martin Koch"]
[Black "Christensen, Adam Stanczyk"]
[Result "0-1"]
[WhiteElo "2005"]
[BlackElo "1853"]
[WhiteFideId "1404261"]
[BlackFideId "1463950"]
[EventDate "2026.03.28"]
[EventType "swiss"]
[EventRounds "5"]
[EventCountry "DEN"]
[SourceTitle "Live v. Kasper Jerwiarz"]

1. d4 e6 2. Nf3 d5 3. c4 Nf6 4. Nc3 c6 5. cxd5 exd5 6. e3 Bg4 7. Be2 Bd6 8. Rb1 O-O 9. b4 a5 10. b5 Bb4 11. Bd2 Bf5 12. Rb3 Qe7 13. a4 Nbd7 14. Nh4 Be6 15. O-O c5 16. Nf3 Ne4 17. Na2 Nxd2 18. Nxd2 c4 19. Nxb4 cxb3 20. Nd3 Qa3 21. Qxb3 Qxb3 22. Nxb3 b6 23. f4 Bf5 24. g4 Be4 25. g5 Rac8 26. Ne5 Nxe5 27. dxe5 Rc3 28. Nd4 Rfc8 29. Nc6 Kf8 30. Bg4 Rc7 31. Kf2 Ra3 32. Bd1 Ke8 33. h4 Ra2+ 34. Kg3 Rg2+ 35. Kh3 Ra2 36. Kg3 Ra1 37. Kf2 Bf5 38. Rg1 Bd7 39. Bf3 Rxg1 40. Kxg1 Bxc6 41. bxc6 Rxc6 42. Bxd5 Rc2 43. Bf3 Ke7 44. f5 Rc4 45. f6+ gxf6 46. exf6+ Kf8 47. h5 Rxa4 48. Kf2 Rb4 49. e4 a4 50. e5 Rf4 51. g6 fxg6 52. hxg6 hxg6 53. Ke3 Rxf3+ 54. Kxf3 a3 0-1

[Event "DM 2026 G5 1A"]
[Site "Svendborg"]
[Date "2026.03.28"]
[Round "1.6"]
[White "Mihaila, Radu Stefan"]
[Black "Yildiz, Hasan"]
[Result "1-0"]
[WhiteElo "1872"]
[BlackElo "1959"]
[WhiteFideId "2852638"]
[BlackFideId "1435086"]
[EventDate "2026.03.28"]
[EventType "swiss"]
[EventRounds "5"]
[EventCountry "DEN"]
[SourceTitle "Live v. Kasper Jerwiarz"]

1. e4 d6 2. d4 Nf6 3. Bd3 g6 4. f4 Bg7 5. Nf3 Bg4 6. Be3 O-O 7. Nc3 Nc6 8. h3 Bxf3 9. Qxf3 e5 10. fxe5 dxe5 11. d5 Nd4 12. Qf2 c6 13. dxc6 Nxc6 14. O-O h6 15. Bc5 Re8 16. Bc4 Ne7 17. Rad1 Qc8 18. Bb5 Nc6 19. Rd6 Re6 20. Nd5 Rxd6 21. Bxd6 Nxe4 22. Qxf7+ Kh7 23. Nf6+ Nxf6 24. Rxf6 Qe8 25. Qxb7 Na5 26. Qd5 Qg8 27. Rf7 Rd8 28. b4 Rxd6 29. Rxg7+ Qxg7 30. Qxd6 Nb7 31. Qd5 Qe7 32. a3 Nd6 33. Be2 e4 34. g4 Kg7 35. Qd4+ Kh7 36. Kf2 Qh4+ 37. Kg2 Qe7 38. c4 Nf7 39. c5 Qe6 40. Bc4 Qf6 41. Qxf6 1-0

[Event "DM 2026 G5 1A"]
[Site "Svendborg"]
[Date "2026.03.28"]
[Round "1.7"]
[White "Warncke, Bent"]
[Black "Mosegaard, Klaus"]
[Result "1/2-1/2"]
[WhiteElo "1958"]
[BlackElo "1826"]
[WhiteFideId "1444204"]
[BlackFideId "1441710"]
[EventDate "2026.03.28"]
[EventType "swiss"]
[EventRounds "5"]
[EventCountry "DEN"]
[SourceTitle "Live v. Kasper Jerwiarz"]

1. e4 e6 2. d4 d5 3. Nc3 Nf6 4. Bg5 Be7 5. e5 Nfd7 6. Bxe7 Qxe7 7. Nb5 Nb6 8. c3 a6 9. Na3 c5 10. Nf3 Nc6 11. Bd3 Nd7 12. O-O b5 13. Nc2 O-O 14. Re1 c4 15. Bf1 Rb8 16. Ne3 a5 17. Nd2 f6 18. f4 fxe5 19. fxe5 Nb6 20. Nf3 Bd7 21. Be2 Be8 22. Rf1 Na4 23. Qd2 Bg6 24. Bd1 Nb6 25. Bc2 Bxc2 26. Qxc2 b4 27. h4 h6 28. Qg6 Qf7 29. Qg4 Qe7 30. g3 Rf7 31. Ng2 Rbf8 32. Nf4 Qd7 33. Ng6 Re8 34. h5 Rf5 35. Ngh4 Rf7 36. Kg2 Ne7 37. Nh2 Ref8 38. Ng6 Nxg6 39. Qxg6 Rxf1 40. Rxf1 Rxf1 41. Nxf1 bxc3 42. bxc3 1/2-1/2

[Event "DM 2026 G5 1A"]
[Site "Svendborg"]
[Date "2026.03.28"]
[Round "1.8"]
[White "Matras, Ove"]
[Black "Svendsen, Peter Willer"]
[Result "1-0"]
[WhiteElo "1895"]
[BlackElo "1908"]
[WhiteFideId "1416790"]
[BlackFideId "1405250"]
[EventDate "2026.03.28"]
[EventType "swiss"]
[EventRounds "5"]
[EventCountry "DEN"]
[SourceTitle "Live v. Kasper Jerwiarz"]

1. c4 Nf6 2. Nc3 e6 3. g3 d5 4. cxd5 exd5 5. Bg2 c6 6. d4 Bd6 7. Bg5 h6 8. Bd2 Bf5 9. Nf3 Nbd7 10. Nh4 Bh7 11. f4 O-O 12. e3 Re8 13. O-O Ng4 14. Qxg4 Bd3 15. Rfe1 Nf6 16. Qd1 g5 17. Nf3 gxf4 18. exf4 Ne4 19. Ne5 Bxe5 20. fxe5 Qb6 21. Be3 Qxb2 22. Nxe4 dxe4 23. Qg4+ Kh8 24. Qh4 Re6 25. Bh3 Rae8 26. Bf5 Kg7 27. Qg4+ Kh8 28. Qf4 b5 29. Bxe6 fxe6 30. Qxh6+ Kg8 31. Qg6+ Kf8 32. Rf1+ Bxf1 33. Rxf1+ Ke7 34. Qf7+ 1-0

[Event "DM 2026 G5 1A"]
[Site "Svendborg"]
[Date "2026.03.29"]
[Round "2.1"]
[White "Christensen, Adam Stanczyk"]
[Black "Nielsen, Jacob Woge"]
[Result "0-1"]
[WhiteElo "1853"]
[BlackElo "2084"]
[WhiteFideId "1463950"]
[BlackFideId "1402900"]
[EventDate "2026.03.28"]
[EventType "swiss"]
[EventRounds "5"]
[EventCountry "DEN"]
[SourceTitle "Live v. Kasper Jerwiarz"]

1. e4 e5 2. Nc3 Nf6 3. f4 d5 4. fxe5 Nxe4 5. Qf3 Nxc3 6. bxc3 c5 7. d4 Nc6 8. Bb5 cxd4 9. Ne2 dxc3 10. Rf1 Be6 11. Be3 Qc7 12. Nd4 O-O-O 13. Nxc6 bxc6 14. Ba6+ Kd7 15. Rb1 Rb8 16. Ke2 Qxe5 17. Kf2 Bd6 18. Bxa7 Rb2 19. Rfe1 Qf5 20. Qxf5 Bxf5 21. Rxb2 cxb2 22. Bd3 Bxd3 23. cxd3 c5 24. d4 c4 0-1

[Event "DM 2026 G5 1A"]
[Site "Svendborg"]
[Date "2026.03.29"]
[Round "2.2"]
[White "Mihaila, Radu Stefan"]
[Black "Holm, Henrik"]
[Result "1/2-1/2"]
[WhiteElo "1872"]
[BlackElo "1849"]
[WhiteFideId "2852638"]
[BlackFideId "1425340"]
[EventDate "2026.03.28"]
[EventType "swiss"]
[EventRounds "5"]
[EventCountry "DEN"]
[SourceTitle "Live v. Kasper Jerwiarz"]

1. e4 c5 2. Nf3 g6 3. d4 cxd4 4. Nxd4 Bg7 5. Nc3 Nc6 6. Be3 Qb6 7. Nd5 Qa5+ 8. b4 Nxb4 9. Bd2 Qc5 10. Bxb4 Qxd4 11. Qxd4 Bxd4 12. Rd1 Bb6 13. Bc3 f6 14. e5 fxe5 15. Bxe5 Nf6 16. Nxf6+ exf6 17. Bxf6 Rf8 18. Bd4 Bxd4 1/2-1/2

[Event "DM 2026 G5 1A"]
[Site "Svendborg"]
[Date "2026.03.29"]
[Round "2.3"]
[White "Matras, Ove"]
[Black "Jacobsen, Hans Endrup"]
[Result "0-1"]
[WhiteElo "1895"]
[BlackElo "1906"]
[WhiteFideId "1416790"]
[BlackFideId "1406841"]
[EventDate "2026.03.28"]
[EventType "swiss"]
[EventRounds "5"]
[EventCountry "DEN"]
[SourceTitle "Live v. Kasper Jerwiarz"]

1. g3 e5 2. Bg2 Nc6 3. c4 Bc5 4. Nc3 d6 5. d3 a6 6. Nf3 Nge7 7. h3 O-O 8. e3 Ba7 9. O-O f5 10. Nh2 Kh8 11. Nd5 Nxd5 12. cxd5 Ne7 13. Kh1 c6 14. e4 cxd5 15. exd5 b5 16. Bg5 Bb7 17. f4 h6 18. Bh4 Qe8 19. g4 Bxd5 20. Bxe7 Bxg2+ 21. Kxg2 Qxe7 22. Re1 Qb7+ 23. Qf3 Qxf3+ 24. Kxf3 fxg4+ 25. Nxg4 Rxf4+ 26. Kg3 Raf8 27. Rac1 h5 28. Nxe5 dxe5 29. Rxe5 Bb8 30. Rxh5+ Kg8 31. Kg2 Rf2+ 32. Kg1 Ba7 33. Kh1 Rf1+ 34. Rxf1 Rxf1+ 0-1

[Event "DM 2026 G5 1A"]
[Site "Svendborg"]
[Date "2026.03.29"]
[Round "2.4"]
[White "Mosegaard, Klaus"]
[Black "Almasy, Alexander Christian"]
[Result "1/2-1/2"]
[WhiteElo "1826"]
[BlackElo "1941"]
[WhiteFideId "1441710"]
[BlackFideId "1415700"]
[EventDate "2026.03.28"]
[EventType "swiss"]
[EventRounds "5"]
[EventCountry "DEN"]
[SourceTitle "Live v. Kasper Jerwiarz"]

1. e4 c5 2. Nf3 e6 3. c3 Nf6 4. e5 Nd5 5. Bc4 Nc6 6. d4 d6 7. O-O dxe5 8. dxe5 Be7 9. Qe2 Qc7 10. Rd1 Nb6 11. Bd3 Bd7 12. a4 Na5 13. Bb5 O-O 14. Bxd7 Nxd7 15. Na3 a6 16. Nc4 Nxc4 17. Qxc4 Nxe5 18. Nxe5 Qxe5 19. Bf4 Qf5 20. Bc7 Bf6 21. a5 Rac8 22. Rd7 Qc2 23. b3 Qxc3 24. Qxc3 Bxc3 25. Rad1 Bb4 26. Bb6 Rb8 27. Ba7 Rbc8 28. Bb6 c4 29. bxc4 Rxc4 30. R7d4 Rxd4 31. Rxd4 Rc8 32. Kf1 Bc3 33. Rd7 Rb8 34. Bc7 Rc8 35. Bb6 Rb8 36. Rd6 1/2-1/2

[Event "DM 2026 G5 1A"]
[Site "Svendborg"]
[Date "2026.03.29"]
[Round "2.5"]
[White "Petersen, Lars Uffe"]
[Black "Warncke, Bent"]
[Result "1/2-1/2"]
[WhiteElo "1920"]
[BlackElo "1958"]
[WhiteFideId "1406906"]
[BlackFideId "1444204"]
[EventDate "2026.03.28"]
[EventType "swiss"]
[EventRounds "5"]
[EventCountry "DEN"]
[SourceTitle "Live v. Kasper Jerwiarz"]

1. e4 d6 2. d4 Nf6 3. Nc3 e5 4. Nf3 Nbd7 5. Bc4 Be7 6. O-O O-O 7. h3 c6 8. a4 a5 9. Qe2 Qc7 10. Bb3 b6 11. Rd1 Ba6 12. Bc4 Bxc4 13. Qxc4 Rac8 14. Qe2 Rfe8 15. Bg5 h6 16. Bh4 Bf8 17. Qd3 Nh5 18. Bg3 Nxg3 19. fxg3 exd4 20. Nxd4 Ne5 21. Qf1 Qe7 22. Nf5 Qe6 23. b3 Rcd8 24. Nd4 Qg6 25. g4 d5 26. Qf5 Bc5 27. exd5 cxd5 28. Nb5 Nc6 29. Qxg6 fxg6 30. Kh1 Nxd4 31. Nxd4 Re4 32. Nf3 Re2 33. c4 d4 34. Rd3 Re3 35. Rad1 Rxd3 36. Rxd3 Kf7 37. Kg1 Kf6 38. Kf2 g5 39. Ne1 Ke5 40. Ke2 Ke4 41. Rf3 Rf8 42. Nd3 Rf6 43. Nf2+ Ke5 44. Nd3+ 1/2-1/2

[Event "DM 2026 G5 1A"]
[Site "Svendborg"]
[Date "2026.03.29"]
[Round "2.6"]
[White "Hansen, Henrik Jegbjerg"]
[Black "Yildiz, Hasan"]
[Result "0-1"]
[WhiteElo "1885"]
[BlackElo "1959"]
[WhiteFideId "1419790"]
[BlackFideId "1435086"]
[EventDate "2026.03.28"]
[EventType "swiss"]
[EventRounds "5"]
[EventCountry "DEN"]
[SourceTitle "Live v. Kasper Jerwiarz"]

1. e4 e6 2. Nf3 b6 3. d4 d5 4. exd5 exd5 5. Bd3 Nf6 6. Bg5 h6 7. Bh4 Be7 8. O-O O-O 9. Nbd2 Bg4 10. Re1 Nbd7 11. c3 Re8 12. Qc2 c5 13. Bb5 a6 14. Bc6 Rc8 15. Ne5 g5 16. Bg3 cxd4 17. Bb7 dxc3 18. bxc3 Nxe5 19. Bxc8 Nf3+ 20. Nxf3 Qxc8 21. Ne5 Be6 22. f3 d4 23. Bf2 Bf5 24. Qb3 Be6 25. c4 Bc5 26. Qa4 Rd8 27. Rad1 a5 28. Nd3 Bd7 29. Qb3 Be6 30. Bg3 Qa6 31. Rc1 Qc8 32. Qa4 Bf5 33. Rcd1 Bxd3 34. Rxd3 Bb4 35. Red1 Qxc4 36. Be5 b5 37. Qb3 Qxb3 38. axb3 Nd5 39. Rxd4 Bc5 40. Kh1 Bxd4 41. Rxd4 Rd7 42. Kg1 f6 43. Bg3 Kf7 44. Be1 b4 45. Bd2 Nb6 46. Rxd7+ Nxd7 47. Kf1 Nc5 48. Ke2 Nxb3 49. Be3 a4 50. Kd3 a3 0-1

[Event "DM 2026 G5 1A"]
[Site "Svendborg"]
[Date "2026.03.29"]
[Round "2.7"]
[White "Nielsen, Frode Benedikt"]
[Black "Svendsen, Peter Willer"]
[Result "1-0"]
[WhiteElo "1958"]
[BlackElo "1908"]
[WhiteFideId "1405721"]
[BlackFideId "1405250"]
[EventDate "2026.03.28"]
[EventType "swiss"]
[EventRounds "5"]
[EventCountry "DEN"]
[SourceTitle "Live v. Kasper Jerwiarz"]

1. e4 e5 2. d4 exd4 3. Qxd4 Nc6 4. Qe3 d6 5. Nc3 g6 6. Bd2 Bg7 7. O-O-O Nf6 8. Bb5 Bd7 9. f3 Ne5 10. Be2 Bc6 11. f4 Neg4 12. Qg3 h5 13. h3 h4 14. Qe1 Nh6 15. Bf3 Nd7 16. f5 Ne5 17. fxg6 fxg6 18. Nge2 Nhf7 19. Nf4 Qd7 20. Rf1 Nxf3 21. gxf3 Ne5 22. Qf2 1-0

[Event "DM 2026 G5 1A"]
[Site "Svendborg"]
[Date "2026.03.29"]
[Round "2.8"]
[White "Rynkjob, Bastian"]
[Black "Clausen, Martin Koch"]
[Result "1-0"]
[WhiteElo "1930"]
[BlackElo "2005"]
[WhiteFideId "1473557"]
[BlackFideId "1404261"]
[EventDate "2026.03.28"]
[EventType "swiss"]
[EventRounds "5"]
[EventCountry "DEN"]
[SourceTitle "Live v. Kasper Jerwiarz"]

1. e4 d6 2. d4 Nf6 3. Nc3 g6 4. h3 Bg7 5. Nf3 O-O 6. Be3 c6 7. Qd2 b5 8. Bd3 a6 9. e5 dxe5 10. dxe5 Nd5 11. Bh6 Nd7 12. Bxg7 Kxg7 13. Nxd5 cxd5 14. a4 Qc7 15. axb5 Nxe5 16. Be2 Bb7 17. bxa6 Nxf3+ 18. gxf3 Qc6 19. Qc3+ Qxc3+ 20. bxc3 Rfb8 21. Kd2 Bc8 22. Ra5 Rb6 23. h4 Be6 24. Rha1 Kf6 25. Bb5 Bf5 26. a7 Ke6 27. Ra6 Rd6 28. Bc6 Rxa7 29. Rxa7 Rxc6 30. R1a6 Rd6 31. Rxd6+ Kxd6 32. f4 Be4 33. Ke3 Bxc2 34. Kd4 Bb3 35. Ra6+ Kd7 36. h5 Bc4 37. Ra7+ Ke6 38. h6 Bb3 39. Rb7 Ba2 40. Rb8 Kf6 41. Rh8 g5 42. fxg5+ Kxg5 43. Rxh7 Kg6 44. Rh8 f6 45. h7 Bc4 46. Rc8 e5+ 47. Kc5 Kxh7 48. Rd8 Kg6 49. Rxd5 Bxd5 50. Kxd5 Kf7 51. Kd6 e4 52. c4 f5 53. Ke5 Kg6 54. c5 Kg5 55. c6 1-0

[Event "DM 2026 G5 1A"]
[Site "Svendborg"]
[Date "2026.03.30"]
[Round "3.1"]
[White "Nielsen, Jacob Woge"]
[Black "Jacobsen, Hans Endrup"]
[Result "1/2-1/2"]
[WhiteElo "2084"]
[BlackElo "1906"]
[WhiteFideId "1402900"]
[BlackFideId "1406841"]
[EventDate "2026.03.28"]
[EventType "swiss"]
[EventRounds "5"]
[EventCountry "DEN"]
[SourceTitle "Live v. Kasper Jerwiarz"]

1. c4 e5 2. Nc3 Nc6 3. Nf3 Bc5 4. e3 a6 5. d4 exd4 6. exd4 Ba7 7. d5 Qe7+ 8. Be2 Ne5 9. O-O d6 10. Re1 Bd7 11. Nd4 O-O-O 12. Be3 Kb8 13. f4 Ng6 14. Bf1 Qf8 15. Ne4 N8e7 16. Ng3 h5 17. Nxh5 Nh4 18. Ng3 g6 19. Bd3 Qg7 20. Nf3 Bxe3+ 21. Rxe3 Nhf5 22. Nxf5 Nxf5 23. Bxf5 Bxf5 24. Qd4 Qh6 25. Rae1 Bg4 26. h3 Bxf3 27. Rxf3 Rhe8 28. Rfe3 Rxe3 29. Rxe3 Qh4 30. Qe4 Kc8 31. Kh2 Rh8 32. b4 b6 33. Kg1 Qf6 34. Kh2 Qh4 35. Kg1 1/2-1/2

[Event "DM 2026 G5 1A"]
[Site "Svendborg"]
[Date "2026.03.30"]
[Round "3.2"]
[White "Holm, Henrik"]
[Black "Nielsen, Frode Benedikt"]
[Result "0-1"]
[WhiteElo "1849"]
[BlackElo "1958"]
[WhiteFideId "1425340"]
[BlackFideId "1405721"]
[EventDate "2026.03.28"]
[EventType "swiss"]
[EventRounds "5"]
[EventCountry "DEN"]
[SourceTitle "Live v. Kasper Jerwiarz"]

1. Nf3 d6 2. d4 c6 3. e4 Bg4 4. Nc3 Nd7 5. Be2 e5 6. Be3 g6 7. h3 Bxf3 8. Bxf3 exd4 9. Bxd4 Ngf6 10. O-O Bg7 11. Qd2 O-O 12. Rad1 Ne8 13. Bxg7 Kxg7 14. Kh1 Qf6 15. Be2 Nc5 16. f4 Kg8 17. f5 Qe5 18. Qh6 Nf6 19. Bd3 Nh5 20. Rf3 Rae8 21. g4 Ng7 22. f6 Nge6 23. Qh4 Qg5 24. Qg3 h5 25. Kg2 Qe5 26. gxh5 Qxh5 27. Rf5 Qh6 28. Be2 Kh7 29. Rf3 Ng5 30. Rf4 Ngxe4 31. Nxe4 Nxe4 32. Qf3 Nxf6 33. Bd3 Qg5+ 34. Kh2 Qe5 35. Rf1 Nh5 36. Kg2 Nxf4+ 37. Qxf4 Qxf4 38. Rxf4 f5 39. Rh4+ Kg7 0-1

[Event "DM 2026 G5 1A"]
[Site "Svendborg"]
[Date "2026.03.30"]
[Round "3.3"]
[White "Almasy, Alexander Christian"]
[Black "Mihaila, Radu Stefan"]
[Result "0-1"]
[WhiteElo "1941"]
[BlackElo "1872"]
[WhiteFideId "1415700"]
[BlackFideId "2852638"]
[EventDate "2026.03.28"]
[EventType "swiss"]
[EventRounds "5"]
[EventCountry "DEN"]
[SourceTitle "Live v. Kasper Jerwiarz"]

1. d4 Nf6 2. Nf3 e6 3. c4 d5 4. g3 Nbd7 5. Bg2 c6 6. Qc2 Bd6 7. O-O O-O 8. Nbd2 e5 9. dxe5 Nxe5 10. Nxe5 Bxe5 11. Nf3 Bc7 12. Rd1 Qe7 13. Bg5 dxc4 14. Qxc4 h6 15. Be3 Re8 16. Nd4 Ng4 17. Rd3 Ne5 18. Qc2 Nxd3 19. Qxd3 Be6 20. Rc1 Rad8 21. Qc2 Bb6 22. Qa4 Bd5 23. Nf5 Qf6 24. Bxb6 axb6 25. Bxd5 Rxd5 26. Ne3 Qxb2 27. Nxd5 Qxc1+ 28. Kg2 b5 0-1

[Event "DM 2026 G5 1A"]
[Site "Svendborg"]
[Date "2026.03.30"]
[Round "3.4"]
[White "Yildiz, Hasan"]
[Black "Petersen, Lars Uffe"]
[Result "1-0"]
[WhiteElo "1959"]
[BlackElo "1920"]
[WhiteFideId "1435086"]
[BlackFideId "1406906"]
[EventDate "2026.03.28"]
[EventType "swiss"]
[EventRounds "5"]
[EventCountry "DEN"]
[SourceTitle "Live v. Kasper Jerwiarz"]

1. Nf3 c5 2. d3 Nc6 3. g3 g6 4. Bg2 Bg7 5. O-O Nf6 6. e4 d6 7. h3 O-O 8. c3 Qc7 9. Re1 Rb8 10. a4 a6 11. Bf4 Nh5 12. Be3 b5 13. axb5 axb5 14. d4 cxd4 15. cxd4 Na5 16. b4 Nc4 17. Qc1 Bb7 18. Bh6 Rfc8 19. Bxg7 Kxg7 20. Nc3 Qb6 21. Qc2 Ra8 22. Qb3 e6 23. Bf1 Rxa1 24. Rxa1 Nf6 25. Bd3 d5 26. e5 Ne4 27. Ne2 Ned2 28. Nxd2 Nxd2 29. Qb2 Nc4 30. Qb3 f6 31. f4 fxe5 32. Bxc4 dxc4 33. Qe3 exf4 34. Nxf4 Kf7 35. Rf1 Ke7 36. Re1 Qd6 37. Nxe6 Kd7 38. Nc5+ Kc7 39. Qe7+ Qxe7 40. Rxe7+ Kd6 41. Rd7+ Kc6 42. d5+ Kb6 43. Rxb7# 1-0

[Event "DM 2026 G5 1A"]
[Site "Svendborg"]
[Date "2026.03.30"]
[Round "3.8"]
[White "Svendsen, Peter Willer"]
[Black "Hansen, Henrik Jegbjerg"]
[Result "1-0"]
[WhiteElo "1908"]
[BlackElo "1885"]
[WhiteFideId "1405250"]
[BlackFideId "1419790"]
[EventDate "2026.03.28"]
[EventType "swiss"]
[EventRounds "5"]
[EventCountry "DEN"]
[SourceTitle "Live v. Kasper Jerwiarz"]

1. e4 e5 2. Nf3 Nc6 3. Bc4 Nf6 4. d3 Be7 5. O-O d6 6. h3 O-O 7. c3 Bd7 8. b4 a6 9. a4 Qe8 10. Re1 Rb8 11. Nbd2 Be6 12. Bxe6 fxe6 13. Qb3 Qd7 14. b5 Na5 15. Qa2 Nh5 16. Nf1 Nf4 17. Bxf4 Rxf4 18. Rab1 axb5 19. axb5 b6 20. Ng3 Rbf8 21. d4 exd4 22. cxd4 Kh8 23. Qd2 Qe8 24. Qc1 Bd8 25. Rb2 Qg6 26. Re3 h5 27. e5 h4 28. exd6 cxd6 29. Qc2 Qxc2 30. Rxc2 hxg3 31. fxg3 R4f6 32. Rce2 e5 33. dxe5 dxe5 34. Nxe5 Bc7 35. Nd7 Rf1+ 36. Kh2 Rd8 37. Re8+ Kh7 38. Rxd8 Bxd8 39. Re8 Bc7 40. Nf8+ Kh6 41. Ne6 Bd6 42. Nd4 Bc5 43. Nf3 g6 44. h4 Nc4 45. Ng5 Kh5 46. Nf3 Bd6 47. Re4 Nb2 48. Rd4 Rd1 49. Re4 Nd3 50. Re2 Nb4 51. Re6 Na2 52. Kh3 Bc5 53. g4+ Kh6 54. h5 Rd6 55. Re5 Nc3 56. Kh4 Bf2+ 57. g3 Rd5 58. g5+ Kg7 59. h6+ Kg8 60. Re8+ Kh7 61. Re7+ Kh8 62. Ne5 1-0